| 000 | 00498nam a22001817a 4500 | ||
|---|---|---|---|
| 003 | NUST | ||
| 005 | 20220311110517.0 | ||
| 008 | 220311b ||||| |||| 00| 0 eng d | ||
| 020 | _a0-8014-9454-0 | ||
| 038 | _aMuzammil SMME | ||
| 082 |
_a327.4701 _bTHE |
||
| 100 |
_aEdited by Andrzej Korbonski. _990576 |
||
| 245 |
_aThe Soviet Union and the Third World: _bthe last three decades\ |
||
| 260 |
_aLahore _bPAF Book Club _c1987 |
||
| 300 | _axv,317.p.; | ||
| 563 | _ahardcover | ||
| 942 |
_2ddc _cBK |
||
| 999 |
_c588734 _d588734 |
||